000 00669nam a2200217 a 4500
003 sisc
005 20160729103045.0
008 120911s19uu xx 00 eng d
020 _a9788126150434
050 _aG 550
_b.Si617in 2012
100 _aSingh, Tanay.
245 _aHandbook of cruise industry /
_cTanay Singh.
250 _a1st edition.
260 _aNew Delhi, India :
_bAnmol Publications,
_c2012.
300 _a256 pages. ;
_c23 cm.
500 _aIncludes bibliographical references and index.
650 _aOcean travel
_xHandbooks, manuals, etc.
650 _aCruise industry
_xHandbooks, manuals, etc.
942 _cBK
_2lcc
_kFOR
999 _c22116
_d22116